| 000 | 004840000a22001930004500 | ||
|---|---|---|---|
| 003 | LK-CoMWRAF | ||
| 005 | 20240103105120.0 | ||
| 008 | 230817t ||||| |||| 00| 0 eng d | ||
| 020 | _a9558938041 | ||
| 040 |
_aLK-CoMWRAF _dLK-CoMWRAF _eLK-CoMWRAF |
||
| 041 | _aeng | ||
| 082 |
_a297 _bREM |
||
| 245 | _aRemembering Allah at all times | ||
| 260 |
_bDar Ul Kitab Pulications _aColombo 04 |
||
| 300 | _a36 p | ||
| 490 | _aLearn about | ||
| 650 | _aBooks for Children | ||
| 942 | _cBK | ||
| 999 |
_c1335 _d1335 |
||